000 01704nam a22003737a 4500
999 _c16792
_d16792
005 20251125232848.0
008 s2523 th tha d
040 _aNALT
041 _atha
100 0 _aประยูร กาญจนดุล
245 1 0 _aคำบรรยายกฎหมายปกครอง
260 3 _aกรุงเทพฯ :
_bโรงพิมพ์จุฬาลงกรณ์มหาวิทยาลัย,
_c2523
300 _a280 หน้า :
_b 26 ซม.
650 0 4 _aกฎหมายปกครอง
650 0 4 _aการกระจายอำนาจปกครอง
650 0 4 _aการบริหารราชการ -- ส่วนกลาง
650 0 4 _aกฎหมายปกครอง -- ไทย
650 0 4 _aกรุงเทพมหานคร
650 0 4 _aสุขาภิบาล
650 0 4 _aการบริหารราชการ -- ส่วนภูมิภาค
650 0 4 _aการบริหารรัฐกิจ -- วิจัย
650 0 4 _aการปกครองท้องถิ่น
650 0 4 _aการรวมอำนาจ
650 0 4 _aบริการสาธารณะ
650 0 4 _aเมืองพัทยา
650 0 4 _aองค์การบริหารส่วนจังหวัด
650 0 4 _aเทศบาล
650 0 4 _aการแบ่งแยกอำนาจ
850 _aNALT
856 4 0 _uhttps://hdl.handle.net/20.500.14156/302179
_71
942 _cLB
_2lcc
998 _j25
_k นีลวัสน์ อินทรักษา
090 _aKE71 ป365ค 2523